000
00289nam a22001337a 4500
008
210222b ||||| |||| 00| 0 eng d
041
_a
eng
080
_a
330
082
_2
330
100
_a
52
101
_a
EKO
245
_a
The New Industrial Society
_c
Weisberger, B
942
_2
udc
_c
BK
999
_c
55103
_d
55103